Elements 41-50 - Statistics

General Stats
  • This quiz has been taken 475 times
  • The average score is 9 of 10
Answer Stats
Element Answer % Correct
Ag Silver
93%
In Indium
89%
Sn Tin
89%
Pd Palladium
87%
Cd Cadmium
86%
Nb Niobium
86%
Mo Molybdenum
85%
Tc Technetium
85%
Rh Rhodium
83%
Ru Ruthenium
82%
No matching quizzes found
Score Distribution
Percent of People with Each Score
Percentile by Number Answered
Your Score History
You have not taken this quiz